Perspectivismo y contraste (Registro nro. 28425)

Detalles MARC
000 -LEADER
campo de control de longitud fija 00644nam a2200193 i 4500
001 - NÚMERO DE CONTROL
campo de control 28425
003 - IDENTIFICADOR DE NÚMERO DE CONTROL
campo de control ES-MaACL
005 - FECHA Y HORA DE LA ÚLTIMA TRANSACCIÓN
campo de control 20230906153843.0
007 - CAMPO FIJO DE DESCRIPCIÓN FÍSICA--INFORMACIÓN GENERAL
campo de control de longitud fija t|
008 - DATOS DE LONGITUD FIJA--INFORMACIÓN GENERAL
campo de control de longitud fija 030117s1963 sp ||||1| spa d
100 1# - ENTRADA PRINCIPAL--NOMBRE DE PERSONA
Nombre de persona Baquero Goyanes, Mariano.
9 (RLIN) 25265
245 10 - MENCIÓN DEL TÍTULO
Título Perspectivismo y contraste
Resto del título : (de Cadalso a Pérez de Ayala) /
Mención de responsabilidad, etc. Mariano Baquero Goyanes.
260 ## - PUBLICACIÓN, DISTRIBUCIÓN, ETC.
Lugar de publicación, distribución, etc. Madrid :
Nombre del editor, distribuidor, etc. Gredos,
Fecha de publicación, distribución, etc. [1963]
300 ## - DESCRIPCIÓN FÍSICA
Extensión 245 p. ;
Dimensiones 21 cm.
490 1# - MENCIÓN DE SERIE
Mención de serie Biblioteca románica hispánica. VII. Campo abierto
830 0# - PUNTO DE ACCESO ADICIONAL DE SERIE-TÍTULO UNIFORME
Título uniforme Biblioteca románica hispánica. VII. Campo abierto
9 (RLIN) 181186
852 ## - LOCALIZACIÓN
Ubicación ES-MaACL
Número de control de estantería C-23706
Sublocalización o colección R.52447
Existencias
Estatus retirado Estado de pérdida Estado de daño No para préstamo Biblioteca de origen Biblioteca actual Ubicación en estantería Fecha de adquisición Fuente de adquisición Total de préstamos Signatura topográfica completa Código de barras Visto por última vez Precio de reemplazo Tipo de ítem Koha
        Biblioteca del Ateneo de Madrid Biblioteca del Ateneo de Madrid Depósito 2 17/01/2008     C-23706 1029345 23/02/2023 23/02/2023 Libro impreso